| 000 | nam a22 7a 4500 | ||
|---|---|---|---|
| 999 |
_c128982 _d128982 |
||
| 008 | 190213b xxu||||| |||| 00| 0 eng d | ||
| 050 | _aSPC. DT3025.G87 N337 | ||
| 100 |
_aNdoro, Webber _99442 |
||
| 245 |
_aYour monument our shrine _bthe preservation of Great Zimbabwe _cWebber Ndoro |
||
| 260 |
_aUppsala _bUppsala University _c2001 |
||
| 300 |
_aviii, 130p. ; _c30cm. |
||
| 440 |
_aStudies in African Archaeology _n19 _944611 |
||
| 651 |
_aGreat Zimbabwe (Extinct city) _98040 |
||
| 942 |
_2lcc _cSPC |
||